000 00712nam a2200157Ia 4500
999 _c48446
_d48446
003 Ge_BSU
005 20251105195825.0
008 181216s1969||||ge |||||||||||||| ||geo||
080 _a821.353.1-1 ქ-60
100 _aქობულაშვილი, ნინო
_926166
245 _aარ დააბიჯოთ ყვავილებს ფეხი :
_b[ლექსები] /
_cნინო ქობულაშვილი; რედ.ს.დემურხანაშვილი. მხატვ.თ.მირზაშვილი
264 _aთბილისი :
_b მერანი,
_c1969.
300 _a111 გვ. ;
_b16 სმ.
653 _aლექსები
942 _cBK
_2udc